The laboratory and other plays / (Record no. 82573)

MARC details
000 -LEADER
fixed length control field 00514nam a22001817a 4500
005 - DATE AND TIME OF LATEST TRANSACTION
control field 20140422153648.0
010 ## - LCCN (DPL NO)
LC control number ENG-109326
020 ## - INTERNATIONAL STANDARD BOOK NUMBER
International Standard Book Number 9789350450482
Terms of availability 200.00
035 ## - SYSTEM CONTROL NUMBER
System control number EN-92859
037 ## - SOURCE OF ACQUISITION
Source of stock number/acquisition DBAD/PUB
082 ## - DEWEY DECIMAL CLASSIFICATION NUMBER
Classification number 882
100 ## - MAIN ENTRY--PERSONAL NAME
Personal name Shivani Tibrewala
245 ## - TITLE STATEMENT
Title The laboratory and other plays /
Statement of responsibility, etc by Shivani Tibrewala
260 ## - PUBLICATION, DISTRIBUTION, ETC. (IMPRINT)
Place of publication, distribution, etc Kolkata
Name of publisher, distributor, etc Writers Workshop
Date of publication, distribution, etc 2012
270 ## - ADDRESS
Address 162/92 Lake Gardens
City Kolkata
Postal code 700045
300 ## - PHYSICAL DESCRIPTION
Extent 96p.
Dimensions 22cm(Hb)
942 ## - ADDED ENTRY ELEMENTS (KOHA)
Source of classification or shelving scheme Dewey Decimal Classification
Item type English Books
Call number suffix SHI
Classification part 882
Holdings
Withdrawn status Lost status Not for loan Collection code Home library Current library Date acquired Source of acquisition Cost, normal purchase price Full call number Barcode Copy number Cost, replacement price Koha item type
    Not For Loan Non-fiction D.B.Act.Division D.B.Act.Division 17/02/2014 DBAD/PUB 200.00 882 SHI EN-92859 1 200.00 English Books

© Delhi Public Library
Hit Counter
free hit counter